| 000 | 01531nam a22004097a 4500 | ||
|---|---|---|---|
| 001 | 000095397 | ||
| 003 | CHAP | ||
| 005 | 20220329143108.0 | ||
| 008 | 060314b2006 mx r 00110 spa d | ||
| 010 | _a91863 | ||
| 011 | _a92835 | ||
| 035 | _a103401 | ||
| 040 | _cCHAP | ||
| 090 | _aTesis | ||
| 100 | 1 |
_aSantillán Belmon, Nancy. _9102423 |
|
| 245 | 1 | 0 |
_aExploración etnobotánica, reproducción y comercialización de nurite (Satureia macrostema Briq.) en Caltzonzin, municipio de Uruapan, Mich. / _c/por Nancy Santillán Belmon. |
| 260 |
_aChapingo, Méx. : _bEl autor, _c2006. |
||
| 300 | _a94 h. | ||
| 502 | _aTesis (Ing. Agr. Esp. en Fitotecnia) -- UACH. Departamento de Fitotecnia | ||
| 590 |
_aALEPH _b10 _c20130110 _lUCH01 _h1510 |
||
| 590 |
_aBATCH-UPD _b10 _c20130110 _lUCH01 _h0525 |
||
| 590 |
_aBATCH-UPD _b10 _c20130410 _lUCH01 _h0205 |
||
| 590 |
_aBATCH-UPD _b10 _c20130914 _lUCH01 _h1331 |
||
| 590 |
_aBATCH-UPD _b10 _c20140324 _lUCH01 _h1455 |
||
| 590 |
_aBATCH-UPD _b10 _c20141002 _lUCH01 _h0829 |
||
| 590 |
_aCONVERSION _b10 _c20130109 _lUCH01 _h1351 |
||
| 590 |
_aE12093SGE _b10 _c20130531 _lUCH01 _h1401 |
||
| 650 | 1 | 4 |
_aEtnobotánica _xMichoacán. _938627 |
| 650 | 1 | 4 |
_aNurite. _982235 |
| 856 |
_3Finding aid _uhttp://10.13.5.2/tesis/103401.pdf _zTeclea aquí |
||
| 901 | _aBK | ||
| 905 | _aAlejandra Carrasco M. | ||
| 942 | _cCD | ||
| 942 | _n0 | ||
| 949 |
_aTesis _bBC _cTES _d00000001034011 _eTS1 _gDonaciØn _h44560 _i103401 _sb |
||
| 949 |
_aTesis _bBC _cTES _d33724000999553 _eTS2 _fc.2 _gDonaciØn _h44561 _i103401 _sb |
||
| 999 |
_c91863 _d91863 |
||